Vplyv produktových inovácií na zmeny v spotrebiteľskom dopyte diplomová práca

Salvato in:
Dettagli Bibliografici
Autore principale: Packová, Dominika
Ente Autore: Fakulta podnikového manažmentu EU. Katedra podnikovohospodárska
Altri autori: Kintler, Jakub, 1979-
Natura: Libro
Lingua:slovacco
Pubblicazione: Bratislava 2018
Tags: Aggiungi Tag
Nessun Tag, puoi essere il primo ad aggiungerne!!

MARC

LEADER 00000nbm a2200000 4500
001 0244907
005 20181004112020.1
041 0 |a slo 
044 |a SK 
245 1 0 |a Vplyv produktových inovácií na zmeny v spotrebiteľskom dopyte  |b diplomová práca  |c Dominika Packová ; školiteľ: Jakub Kintler 
264 1 |a Bratislava  |c 2018 
300 |a 58 s. 
100 1 |a Packová, Dominika 
700 1 |a Kintler, Jakub, 1979- 
710 2 |a Fakulta podnikového manažmentu EU. Katedra podnikovohospodárska